[Event "Titled Tue 24th Jun Late"]
[Site "chess.com INT"]
[Date "2025.06.24"]
[Round "4"]
[White "Guha, Eshan"]
[Black "Zhukovskyi, Oleksandr"]
[Result "1-0"]
[BlackTitle "CM"]
[WhiteElo "2071"]
[BlackElo "2145"]
[WhiteFideId "30958628"]
[BlackFideId "14169371"]
[EventDate "2025.06.24"]

1. d4 Nf6 2. c4 g6 3. g3 c6 4. Bg2 d5 5. cxd5 cxd5 6. Nf3 Bg7 7. Nc3 O-O 8. Ne5
Nc6 9. Nxc6 bxc6 10. O-O Ne4 11. Nxe4 dxe4 12. Bxe4 Bh3 13. Re1 Bxd4 14. Bh6
Bxb2 15. Bxf8 Qxf8 16. Bxc6 Bxa1 17. Qxa1 Rc8 18. Rc1 Qh6 19. e3 Qg5 20. Bb7 Rb8
21. Bf3 Qf5 22. Bh1 h5 23. a3 a5 24. Bg2 Bxg2 25. Kxg2 Qe4+ 26. Kg1 Qf3 27. Qe5
Re8 28. Qxa5 f6 29. Qb5 Qe4 30. Qxe8+ Kg7 31. Qc6 Kh6 32. Qxe4 e5 33. a4 f5 34.
Qxe5 Kg5 35. h4+ Kg4 36. Qf4+ Kh3 37. g4 Kxh4 38. g5+ 1-0

[Event "Titled Tue 24th Jun Late"]
[Site "chess.com INT"]
[Date "2025.06.24"]
[Round "4"]
[White "Hariharan, Shambavi"]
[Black "Mammadov, Ziya"]
[Result "1-0"]
[WhiteTitle "WCM"]
[BlackTitle "CM"]
[WhiteElo "1936"]
[BlackElo "1708"]
[WhiteFideId "488160"]
[BlackFideId "13418890"]
[EventDate "2025.06.24"]

1. d4 Nf6 2. c4 d6 3. Nf3 g6 4. g3 Bg7 5. Bg2 O-O 6. O-O Nbd7 7. Nc3 a6 8. h3 e5
9. e4 exd4 10. Nxd4 Nc5 11. Be3 Be6 12. b3 Qd7 13. Kh2 Rad8 14. Rc1 Qc8 15. Qc2
Rfe8 16. Rcd1 Bd7 17. b4 Ne6 18. Nd5 Nxd5 19. cxd5 Nxd4 20. Bxd4 Bxd4 21. Rxd4
Bb5 22. Rc1 Re7 23. a4 Be8 24. Rc4 c6 25. dxc6 bxc6 26. Qd3 Qb8 27. Rd4 Re6 28.
Qxa6 Bd7 29. Rcd1 Bc8 30. Qxc6 Bb7 31. Qc4 Rc8 32. Qd3 Rd8 33. b5 Kg7 34. a5 Ba8
35. Qc3 Kf8 36. b6 Re5 37. Qb4 Rc5 38. Rxd6 1-0

[Event "Titled Tue 24th Jun Late"]
[Site "chess.com INT"]
[Date "2025.06.24"]
[Round "4"]
[White "Caruana, Fabiano"]
[Black "Lysyj, Igor"]
[Result "1-0"]
[WhiteTitle "GM"]
[BlackTitle "GM"]
[WhiteElo "2777"]
[BlackElo "2582"]
[WhiteFideId "2020009"]
[BlackFideId "4150120"]
[EventDate "2025.06.24"]

1. e4 e5 2. Nf3 Nc6 3. Nc3 Nf6 4. h3 Bb4 5. Bd3 O-O 6. O-O d6 7. Ne2 d5 8. exd5
Qxd5 9. a3 Be7 10. Re1 Qd8 11. Ng3 Bd6 12. b4 a6 13. Bb2 Re8 14. Ne4 Bf8 15.
Nxf6+ Qxf6 16. Be4 Bf5 17. d3 Bxe4 18. Rxe4 Qf5 19. Qe2 f6 20. d4 Bd6 21. c4 Qg6
22. c5 Bf8 23. dxe5 fxe5 24. Nxe5 Nxe5 25. Bxe5 Qf7 26. Rd1 Re6 27. f4 a5 28. b5
Bxc5+ 29. Kh1 Rae8 30. a4 Bd6 31. Re1 h6 32. Qc4 Bb4 33. R1e3 Bd2 34. Rg3 g5 35.
Rd4 Rxe5 36. Qxf7+ Kxf7 37. fxe5 Rxe5 38. Rxd2 1-0

[Event "Titled Tue 24th Jun Late"]
[Site "chess.com INT"]
[Date "2025.06.24"]
[Round "4"]
[White "Bluebaum, Matthias"]
[Black "Tatarinov, Dmitry"]
[Result "1-0"]
[WhiteTitle "GM"]
[BlackTitle "FM"]
[WhiteElo "2663"]
[BlackElo "2318"]
[WhiteFideId "24651516"]
[BlackFideId "24160067"]
[EventDate "2025.06.24"]

1. d4 Nf6 2. c4 e6 3. Nc3 d5 4. cxd5 exd5 5. Bg5 Be7 6. e3 c6 7. Bd3 Nbd7 8. h3
O-O 9. Qc2 Re8 10. Nf3 h6 11. Bf4 a5 12. O-O b5 13. Rac1 Bb7 14. Qb1 Rc8 15. Bf5
Qb6 16. Ne5 Rcd8 17. Rfd1 c5 18. Nxd7 Nxd7 19. dxc5 Nxc5 20. Be5 Ne6 21. Ne2 Bc5
22. Nd4 Nxd4 23. Bxd4 Bxd4 24. Rxd4 b4 25. Qc2 g6 26. Qc7 Qa7 27. Bd7 Rf8 28.
Rxd5 Qa6 29. Rxa5 Rxd7 30. Qxd7 Qxa5 31. Qxb7 Qxa2 32. Qxb4 Rd8 33. Qe7 Rb8 34.
Rc7 Rxb2 35. Rc8+ Kh7 36. Qf6 Rb1+ 37. Kh2 Rh1+ 38. Kxh1 Qa1+ 39. Qxa1 1-0

[Event "Titled Tue 24th Jun Late"]
[Site "chess.com INT"]
[Date "2025.06.24"]
[Round "4"]
[White "Ferey, Antonin"]
[Black "Bonin, Jay"]
[Result "0-1"]
[WhiteTitle "CM"]
[BlackTitle "IM"]
[WhiteElo "2238"]
[BlackElo "2102"]
[WhiteFideId "36051454"]
[BlackFideId "2000644"]
[EventDate "2025.06.24"]

1. Nf3 Nf6 2. g3 b6 3. Bg2 Bb7 4. O-O g6 5. c4 c5 6. Nc3 Bg7 7. b3 O-O 8. Bb2
Na6 9. Rc1 Ne4 10. Qc2 Nb4 11. Qb1 f5 12. a3 Na6 13. Nd5 e6 14. Bxg7 Kxg7 15.
Nf4 Nc7 16. d3 Nf6 17. Qb2 Kg8 18. h4 d6 19. b4 e5 20. Nh3 Rb8 21. e3 h6 22. d4
cxd4 23. exd4 e4 24. Nh2 b5 25. Nf4 g5 26. hxg5 hxg5 27. Nh3 Nh5 28. c5 g4 29.
Nf4 Nxf4 30. gxf4 Ne6 31. c6 Bc8 32. Qd2 d5 33. Rfd1 Qd6 34. Nf1 Nxf4 35. Ne3
Be6 36. Rc5 Qc7 37. Rdc1 a6 38. Bf1 Kg7 39. Ng2 Nh3+ 40. Kh1 Rh8 41. f4 Ng5+ 42.
Kg1 Nf3+ 43. Kf2 Nxd2 44. Be2 Rh2 0-1

[Event "Titled Tue 24th Jun Late"]
[Site "chess.com INT"]
[Date "2025.06.24"]
[Round "4"]
[White "Buchenau, Frank"]
[Black "Deng, Henry"]
[Result "0-1"]
[WhiteTitle "FM"]
[BlackTitle "FM"]
[WhiteElo "2205"]
[BlackElo "2327"]
[WhiteFideId "4604350"]
[BlackFideId "30965454"]
[EventDate "2025.06.24"]

1. e4 c5 2. g3 Nc6 3. Bg2 e6 4. Ne2 d5 5. exd5 exd5 6. d4 cxd4 7. O-O Nf6 8.
Nxd4 Be7 9. h3 O-O 10. Nc3 h6 11. Re1 Re8 12. Bf4 Qb6 13. Nb3 Be6 14. Be3 Qc7
15. Nd4 Nxd4 16. Bxd4 Qd7 17. Kh2 Rac8 18. Qd2 b5 19. a3 a5 20. Qd3 b4 21. axb4
axb4 22. Bxf6 Bxf6 23. Nxd5 Bxb2 24. Rab1 Bc3 25. Red1 Qa7 26. Kg1 Red8 27. Qb5
Rc5 28. Qb6 Qxb6 29. Nxb6 Rxd1+ 30. Rxd1 Bb2 31. Rd8+ Kh7 32. Na4 Bf6 33. Nxc5
Bxd8 34. Nxe6 fxe6 35. Be4+ Kg8 36. Kf1 Kf7 37. Ke2 Bb6 38. f3 Bc7 39. f4 e5 40.
f5 Kf6 41. h4 Bb6 42. Kf3 Bd4 43. g4 Bc3 44. Kg3 Be1+ 45. Kh3 Bd2 46. Kg3 Be3
47. Kf3 Bf4 48. Kg2 Kf7 49. Kh3 Ke7 50. Bd5 Kd6 51. Bb3 Kc5 52. Kg2 Kd4 53. Kf3
Bc1 54. Ke2 Ke4 55. Ba4 Kf4 56. Bd7 Bb2 57. Kf2 Bd4+ 58. Ke2 Bc5 59. Be6 Be7 60.
h5 Bf6 0-1

[Event "Titled Tue 24th Jun Late"]
[Site "chess.com INT"]
[Date "2025.06.24"]
[Round "4"]
[White "Alfonso Durban, Xavier"]
[Black "Harriott, Tyrell"]
[Result "1-0"]
[WhiteTitle "CM"]
[WhiteElo "2189"]
[BlackElo "1924"]
[WhiteFideId "2271532"]
[BlackFideId "2086484"]
[EventDate "2025.06.24"]

1. d4 e6 2. c4 d5 3. Nc3 f5 4. Nf3 c6 5. g3 Bd6 6. Bg2 Nf6 7. O-O O-O 8. Bf4
Bxf4 9. gxf4 Nbd7 10. Qc2 Ne4 11. b4 b6 12. b5 Bb7 13. bxc6 Bxc6 14. cxd5 Bxd5
15. Nxd5 exd5 16. Rac1 Ndf6 17. e3 Kh8 18. Ne5 Qe8 19. f3 Nd6 20. Qc6 Qxc6 21.
Rxc6 Nf7 22. Rfc1 Nxe5 23. fxe5 Ng8 24. Rc7 Nh6 25. Rd7 f4 26. e4 dxe4 27. fxe4
f3 28. Bh3 f2+ 29. Kf1 Rf4 30. Rcc7 Ng4 31. Bxg4 Rxg4 32. Kxf2 Rxe4 33. Rxg7
Rxd4 34. Rxh7+ Kg8 35. Rcg7+ Kf8 36. e6 Rf4+ 37. Ke3 Rf6 38. e7+ Ke8 39. Rh8+
Kd7 40. e8=Q+ Kd6 41. Qd7+ Kc5 42. Rh5+ Kb4 43. Rg4+ Ka3 44. Qd3+ Kb2 45. Rg2+ 1-0

[Event "Titled Tue 24th Jun Late"]
[Site "chess.com INT"]
[Date "2025.06.24"]
[Round "4"]
[White "Vlassis, Georgios"]
[Black "Fadi, Marko"]
[Result "0-1"]
[WhiteTitle "FM"]
[BlackTitle "FM"]
[WhiteElo "2005"]
[BlackElo "2298"]
[WhiteFideId "4203399"]
[BlackFideId "10605371"]
[EventDate "2025.06.24"]

1. e4 e5 2. Nf3 Nc6 3. Nc3 g6 4. h4 Nf6 5. d4 exd4 6. Nxd4 Bg7 7. Bg5 O-O 8. h5
Qe8 9. Nxc6 dxc6 10. Qf3 Bg4 11. Qf4 Qe6 12. f3 Bxh5 13. g4 Bxg4 14. Bxf6 Bxf6
15. Qxg4 Qxg4 16. fxg4 Rfe8 17. Bd3 Rad8 18. O-O-O Kg7 19. Rdf1 Bg5+ 20. Kb1 c5
21. Rf2 c6 22. Rhf1 f6 23. b3 b5 24. a4 a6 25. Ne2 c4 26. bxc4 bxc4 27. Bxc4
Rxe4 28. Bb3 c5 29. Nc3 Rxg4 30. Bd5 Rd4 31. Bc6 Rb8+ 32. Ka2 Rc4 33. Rf3 Rb6
34. Bd5 Rd4 35. Re1 h5 36. Re7+ Kh6 37. Bg8 Bf4 38. Rh7+ Kg5 39. Bf7 Rd2 40. Bb3
c4 41. Ne4+ Kg4 42. Nxd2 Bxd2 43. Bxc4 Bc3 0-1

[Event "Titled Tue 24th Jun Late"]
[Site "chess.com INT"]
[Date "2025.06.24"]
[Round "4"]
[White "Raptis, Nick"]
[Black "Sjugirov, Sanan"]
[Result "0-1"]
[WhiteTitle "FM"]
[BlackTitle "GM"]
[WhiteElo "2220"]
[BlackElo "2635"]
[WhiteFideId "2016850"]
[BlackFideId "4189302"]
[EventDate "2025.06.24"]

1. d4 Nf6 2. Nc3 d5 3. Bg5 Nbd7 4. Nf3 h6 5. Bh4 c6 6. e3 Qb6 7. Rb1 g5 8. Bg3
Nh5 9. Bd3 Nxg3 10. hxg3 Bg7 11. b4 e5 12. Bf5 e4 13. Bxd7+ Bxd7 14. Ne5 Be6 15.
f4 exf3 16. Qxf3 Qc7 17. Nd3 O-O 18. O-O Rae8 19. Kh2 Qc8 20. Rbe1 Bg4 21. Qf2
Re7 22. e4 Qd8 23. exd5 Rxe1 24. Rxe1 cxd5 25. Ne5 Be6 26. Nd1 Qb6 27. c3 a5 28.
a3 Rc8 29. Qf3 axb4 30. axb4 Qc7 31. Re3 b6 32. Nf2 Qd8 33. Nfg4 h5 34. Nf2 g4
35. Qf4 Qf6 36. Rd3 Qf5 37. Qxf5 Bxf5 38. Re3 f6 39. Ned3 Rxc3 40. Re7 Bxd3 41.
Nxd3 Rxd3 42. Rd7 Rxd4 0-1

[Event "Titled Tue 24th Jun Late"]
[Site "chess.com INT"]
[Date "2025.06.24"]
[Round "4"]
[White "Askarov, Bakhtiyar"]
[Black "Gubajdullin, Alexei"]
[Result "1/2-1/2"]
[WhiteTitle "IM"]
[BlackTitle "FM"]
[WhiteElo "2297"]
[BlackElo "2233"]
[WhiteFideId "13701100"]
[BlackFideId "4141202"]
[EventDate "2025.06.24"]

1. Nf3 Nf6 2. b3 g6 3. Bb2 Bg7 4. d4 O-O 5. e3 d6 6. Be2 a5 7. a3 c6 8. O-O Na6
9. c4 Ne4 10. Nc3 Nxc3 11. Bxc3 Bf5 12. Qd2 Nb8 13. b4 axb4 14. axb4 Rxa1 15.
Rxa1 Na6 16. Qb2 Nc7 17. Nd2 b5 18. Bf3 Bd7 19. d5 Bxc3 20. Qxc3 cxd5 21. cxd5
Qb8 22. Nb3 Rc8 23. Qd4 Ne8 24. Na5 Rc2 25. h4 h5 26. Be4 Rc8 27. Nc6 Bxc6 28.
dxc6 Nf6 29. Bf3 d5 30. Qc5 Qe5 31. Ra7 Kf8 32. Qxb5 Qc3 33. c7 Kg7 34. Qb6 Qe1+
35. Kh2 Qxf2 36. Qd4 e5 37. Qxe5 Qxh4+ 38. Kg1 Qf2+ 39. Kh2 Qh4+ 40. Kg1 Qe1+
41. Kh2 Qh4+ 1/2-1/2

[Event "Titled Tue 24th Jun Late"]
[Site "chess.com INT"]
[Date "2025.06.24"]
[Round "4"]
[White "Dubnevych, Maksym"]
[Black "Gogolev, Artem"]
[Result "1-0"]
[WhiteTitle "FM"]
[BlackTitle "IM"]
[WhiteElo "2296"]
[BlackElo "2240"]
[WhiteFideId "14184001"]
[BlackFideId "4116615"]
[EventDate "2025.06.24"]

1. Nc3 c6 2. d4 d5 3. e4 dxe4 4. Nxe4 Nf6 5. Nxf6+ exf6 6. c4 Bd6 7. Bd3 O-O 8.
Ne2 Re8 9. O-O Bg4 10. Be3 Nd7 11. Qd2 Nf8 12. f3 Bh5 13. Ng3 Bg6 14. Ne4 Bc7
15. Rfe1 f5 16. Nc3 Qh4 17. g3 Qh5 18. f4 Rad8 19. Bf2 Qh6 20. d5 Bh5 21. Bxf5
Bf3 22. Qd3 Qh5 23. Be4 Bxe4 24. Rxe4 Rxe4 25. Qxe4 Ba5 26. dxc6 Bxc3 27. c7 Rc8
28. Qxb7 Qg4 29. bxc3 h5 30. Re1 Ng6 31. Qb8 Nh4 32. Re8+ Kh7 33. Qxc8 Qd1+ 34.
Re1 Nf3+ 35. Kf1 Nd2+ 36. Kg2 Qf3+ 37. Kg1 Qc6 38. Qf5+ g6 39. Qxf7+ Kh6 40.
Qf8+ Kh7 41. Re7# 1-0

[Event "Titled Tue 24th Jun Late"]
[Site "chess.com INT"]
[Date "2025.06.24"]
[Round "4"]
[White "Nalbandyan, Vahan"]
[Black "Nakara Husain"]
[Result "1-0"]
[WhiteTitle "CM"]
[WhiteElo "2155"]
[BlackElo "1713"]
[WhiteFideId "13309439"]
[BlackFideId "25636111"]
[EventDate "2025.06.24"]

1. d4 Nf6 2. Nc3 d5 3. Bf4 c6 4. e3 g6 5. h4 h5 6. Nf3 Bg7 7. Be2 Bf5 8. Ne5
Nbd7 9. f3 Nxe5 10. Bxe5 O-O 11. g4 Bd7 12. Bxf6 Bxf6 13. gxh5 gxh5 14. f4 e6
15. Kd2 c5 16. Bd3 cxd4 17. exd4 Bxd4 18. Qxh5 f5 19. Rag1+ Bg7 20. Rxg7+ Kxg7
21. Rg1+ Kf6 22. Qg5+ Kf7 23. Qg7+ Ke8 24. Nxd5 Qa5+ 25. Nc3 Qc7 26. Qg5 Qc5 27.
Re1 Qe7 28. Qg6+ Kd8 29. h5 Qd6 30. Qg5+ Kc7 31. Re5 Qd4 32. Ne2 Qb4+ 33. Kd1
Rg8 34. Qh4 Qxb2 35. Qe7 Qb6 36. Rc5+ Kb8 37. h6 Bc6 38. h7 Rh8 39. Rxf5 Bf3 40.
Rf8+ Rxf8 41. Qxf8+ Kc7 42. Qxa8 1-0

[Event "Titled Tue 24th Jun Late"]
[Site "chess.com INT"]
[Date "2025.06.24"]
[Round "4"]
[White "Beulen, Marcel"]
[Black "Bazan Romero, Octavio Aaron"]
[Result "0-1"]
[WhiteTitle "FM"]
[BlackTitle "FM"]
[WhiteElo "2359"]
[BlackElo "2289"]
[WhiteFideId "1001450"]
[BlackFideId "20003943"]
[EventDate "2025.06.24"]

1. e4 Nc6 2. Nf3 d5 3. exd5 Qxd5 4. Nc3 Qd6 5. g3 Nf6 6. Bg2 Bg4 7. h3 Bh5 8.
O-O O-O-O 9. d3 e5 10. Qe1 Bxf3 11. Bxf3 Nd4 12. Bd1 Be7 13. Ne4 Nxe4 14. dxe4
Qf6 15. Kg2 h5 16. c3 Ne6 17. Bb3 h4 18. Bxe6+ Qxe6 19. g4 Rd3 20. Be3 Rhd8 21.
Qe2 Qc4 22. Qf3 g6 23. a3 Bg5 24. Rfe1 Bxe3 25. Rxe3 Rxe3 26. Qxe3 Rd3 27. Qe1
Qb3 28. Qe2 Qc4 29. Re1 g5 30. f3 Qa6 31. Kf2 Qd6 32. Qf1 Rd2+ 33. Re2 Rd1 34.
Re1 Qb6+ 35. Ke2 Rd6 36. b4 Qc6 37. Rc1 Qc4+ 38. Ke1 Qa2 39. Qe2 Qxa3 40. Qc2
Qa6 41. Rd1 Qb6 42. Rxd6 Qg1+ 43. Ke2 Qg2+ 44. Kd3 Qxc2+ 45. Kxc2 cxd6 46. c4
Kc7 47. Kb3 Kb6 48. Ka4 a6 49. Ka3 a5 50. Kb3 axb4 51. Kxb4 Kc6 52. Kb3 Kc5 53.
Kc3 b6 54. Kb3 b5 55. cxb5 Kxb5 56. Kc3 Kc5 57. Kd3 Kb4 58. Kd2 Kc4 59. Ke3 Kc3
60. Ke2 Kc2 61. Ke3 Kd1 62. Kd3 Ke1 63. Kc4 Kf2 64. Kd5 Kxf3 65. Kxd6 Kxe4 0-1

[Event "Titled Tue 24th Jun Late"]
[Site "chess.com INT"]
[Date "2025.06.24"]
[Round "4"]
[White "Ladan, Nicholas"]
[Black "Van der Werf, Mark"]
[Result "0-1"]
[BlackTitle "IM"]
[WhiteElo "2218"]
[BlackElo "2390"]
[WhiteFideId "30918855"]
[BlackFideId "1000470"]
[EventDate "2025.06.24"]

1. d4 Nf6 2. c4 e6 3. Nf3 d5 4. g3 Be7 5. Bg2 O-O 6. O-O dxc4 7. Qa4 a6 8. Qxc4
b5 9. Qc2 Bb7 10. Bf4 Nc6 11. Nc3 Nxd4 12. Nxd4 Bxg2 13. Nxe6 fxe6 14. Kxg2 Nd5
15. Nxd5 Qxd5+ 16. e4 Qh5 17. Qxc7 Bf6 18. e5 Bg5 19. Bxg5 Qxg5 20. Rac1 Rad8
21. Rc2 Qf5 22. f4 Qe4+ 23. Rf3 Rd3 24. Rf2 Rfd8 25. Qc1 h6 26. Qf1 Rxf3 27.
Rxf3 Rd2+ 28. Kh3 h5 29. Rf2 Qf5+ 30. Kg2 Qe4+ 31. Kg1 Qd4 32. a3 Rd1 33. Qxd1
Qxd1+ 34. Kg2 Qd5+ 35. Rf3 a5 36. b3 Qd2+ 37. Kh3 Qb2 38. a4 bxa4 39. bxa4 Qa2
40. Rd3 Qxa4 41. Rd6 Qc4 42. Kh4 a4 43. Kg5 Kh7 44. Kxh5 a3 45. g4 Qxf4 46. h4
g6# 0-1

[Event "Titled Tue 24th Jun Late"]
[Site "chess.com INT"]
[Date "2025.06.24"]
[Round "4"]
[White "Sarasketa Irastortza, Oier"]
[Black "Klys, Kacper"]
[Result "0-1"]
[WhiteTitle "CM"]
[BlackTitle "CM"]
[WhiteElo "2190"]
[BlackElo "2218"]
[WhiteFideId "54728207"]
[BlackFideId "21005281"]
[EventDate "2025.06.24"]

1. d4 d6 2. Nf3 Nf6 3. c4 g6 4. g3 Bg7 5. Bg2 O-O 6. Nc3 Nbd7 7. O-O c6 8. e4 e5
9. h3 a6 10. Re1 Qc7 11. Be3 Rd8 12. Qc2 b6 13. Rad1 Bb7 14. b3 Nf8 15. d5 c5
16. a4 a5 17. Nd2 Ba6 18. Kh2 Nh5 19. Rf1 Qe7 20. f4 Bh6 21. Rf3 Nd7 22. Rdf1
exf4 23. gxf4 Qh4 24. Qd1 Re8 25. Qe1 Qxe1 26. Rxe1 Bg7 27. Nd1 Nhf6 28. Nf2 Re7
29. Rg3 Rae8 30. Nd3 Nh5 31. Rf3 Nhf6 32. Rff1 h6 33. Bf2 Nh5 34. Bh4 Bc3 35.
Rd1 g5 36. fxg5 Ne5 37. Nxe5 Bxe5+ 38. Kh1 Ng3+ 39. Bxg3 Bxg3 40. gxh6 Bf4 41.
Rxf4 Kh7 42. Rf6 Rg8 43. Rdf1 Rf8 44. Rxd6 Bc8 45. Rdf6 Bd7 46. Nf3 Be8 47. Ng5+
Kg8 48. h7+ Kg7 49. Rxb6 Bd7 50. Rbf6 Be8 51. Ne6+ fxe6 52. Rxf8 Kxh7 53. d6 Rd7
54. Rxe8 Rxd6 55. Re7+ Kg6 56. e5 Rd2 57. Rxe6+ Kg5 58. Rc6 Kh4 59. Rf3 Re2 60.
e6 Re5 61. e7 Rxe7 0-1

[Event "Titled Tue 24th Jun Late"]
[Site "chess.com INT"]
[Date "2025.06.24"]
[Round "4"]
[White "Bacrot, Etienne"]
[Black "Kalinin, Nikita An."]
[Result "0-1"]
[WhiteTitle "GM"]
[BlackTitle "FM"]
[WhiteElo "2633"]
[BlackElo "2336"]
[WhiteFideId "605506"]
[BlackFideId "34233512"]
[EventDate "2025.06.24"]

1. e4 c5 2. Nf3 g6 3. Bc4 d6 4. c3 Nf6 5. Qe2 Bg7 6. d4 cxd4 7. cxd4 d5 8. exd5
Nxd5 9. Nc3 Be6 10. O-O Nxc3 11. bxc3 Bxc4 12. Qxc4 O-O 13. Rb1 b6 14. Re1 Nd7
15. Ba3 Re8 16. Ng5 e6 17. Ne4 Qh4 18. Nd6 Red8 19. Qc7 Bf8 20. g3 Qh3 21. Nb7
Rac8 22. Qf4 Bxa3 23. Nxd8 Rxd8 24. Qc7 Be7 25. d5 Qf5 26. dxe6 fxe6 27. Rbd1 e5
28. Rd2 Kf7 29. Red1 Ke8 30. Qc6 Bc5 31. Kg2 h5 32. h3 g5 33. Re2 g4 34. hxg4
hxg4 35. Qe4 Qe6 36. Red2 Qf7 37. Qxg4 a5 38. Qa4 Qe7 39. Qe4 Qe6 40. f3 Ke7 0-1

[Event "Titled Tue 24th Jun Late"]
[Site "chess.com INT"]
[Date "2025.06.24"]
[Round "4"]
[White "Grutter, Tim"]
[Black "Shearsby, Jude"]
[Result "0-1"]
[WhiteTitle "IM"]
[BlackTitle "CM"]
[WhiteElo "2404"]
[BlackElo "2160"]
[WhiteFideId "1057472"]
[BlackFideId "462527"]
[EventDate "2025.06.24"]

1. e4 Nc6 2. Nf3 d6 3. Bb5 Nf6 4. d3 a6 5. Ba4 b5 6. Bb3 Na5 7. O-O e5 8. c3
Nxb3 9. axb3 Be7 10. b4 O-O 11. Nbd2 Bg4 12. h3 Bh5 13. Nb3 d5 14. Qe2 Bd6 15.
Na5 Qd7 16. Bg5 Qe6 17. Bxf6 gxf6 18. Qe3 Kh8 19. Nh4 Bg6 20. g4 Rg8 21. Kh2 d4
22. Qf3 c5 23. bxc5 Bxc5 24. Nf5 dxc3 25. bxc3 Bb6 26. h4 Rac8 27. Rfc1 Bxf5 28.
gxf5 Qe7 29. Nb3 Qf8 30. Rxa6 Qh6 31. Kh3 Rb8 32. Rf1 Qg7 33. Raa1 Qh6 34. Rg1
Rbc8 35. Rxg8+ Rxg8 36. c4 Qg7 37. c5 Bc7 38. c6 Qh6 0-1

[Event "Titled Tue 24th Jun Late"]
[Site "chess.com INT"]
[Date "2025.06.24"]
[Round "4"]
[White "Becking, Stephan"]
[Black "Sivakumar, Shaaketh"]
[Result "1-0"]
[WhiteTitle "IM"]
[BlackTitle "FM"]
[WhiteElo "2410"]
[BlackElo "2279"]
[WhiteFideId "4632478"]
[BlackFideId "30940176"]
[EventDate "2025.06.24"]

1. d4 e6 2. Nf3 f5 3. Bg5 Be7 4. h4 h6 5. Bxe7 Nxe7 6. h5 b6 7. Nbd2 Bb7 8. e3
d6 9. c3 Nd7 10. Qb3 Nf8 11. Bd3 a6 12. e4 Qd7 13. O-O-O O-O-O 14. Rde1 Nh7 15.
exf5 exf5 16. Nh4 Kb8 17. Qe6 Qxe6 18. Rxe6 Nd5 19. Bxf5 Ng5 20. Ree1 Nf4 21. f3
Rhf8 22. Bc2 c5 23. Ng6 Rf7 24. Nxf4 Rxf4 25. dxc5 dxc5 26. Re7 Nf7 27. Bg6 Bd5
28. b3 b5 29. Rhe1 Rf6 30. Ne4 Bxe4 31. Bxe4 Rdd6 32. Rb7+ Kc8 33. Ra7 Kb8 34.
Ra8+ Kc7 35. Bg6 Nd8 36. Re7+ Kb6 37. Be4 Ne6 38. b4 cxb4 39. cxb4 Rc6+ 40. Bxc6
Kxc6 41. Rxa6+ Kd5 42. a4 bxa4 43. b5 a3 44. Kb1 Nc5 45. Rxf6 gxf6 46. b6 Kc6
47. b7 Nxb7 48. Re6+ Kb5 49. Rxf6 Ka4 50. Rxh6 Na5 51. Ra6 1-0

[Event "Titled Tue 24th Jun Late"]
[Site "chess.com INT"]
[Date "2025.06.24"]
[Round "4"]
[White "Mayaud, Raphael"]
[Black "Petrenko, Maryna"]
[Result "1-0"]
[WhiteTitle "CM"]
[BlackTitle "WFM"]
[WhiteElo "2126"]
[BlackElo "2062"]
[WhiteFideId "627151"]
[BlackFideId "14197820"]
[EventDate "2025.06.24"]

1. d4 d5 2. Nf3 Nf6 3. c4 e6 4. g3 Be7 5. Bg2 O-O 6. O-O c6 7. Qc2 Nbd7 8. Nbd2
b6 9. e4 Bb7 10. cxd5 exd5 11. e5 Ne8 12. Re1 Nc7 13. h4 Ne6 14. Nf1 c5 15. Be3
Rc8 16. Qd2 cxd4 17. Nxd4 Nxd4 18. Bxd4 Rc4 19. Ne3 Bb4 20. Bc3 Bxc3 21. bxc3
Rc5 22. Nxd5 Bxd5 23. Bxd5 Qc7 24. e6 Nf6 25. exf7+ Kh8 26. c4 Nxd5 27. cxd5
Qxf7 28. Re5 h6 29. Rae1 Qg6 30. Re6 Qf5 31. R6e5 Qg6 32. Re6 Qf5 33. R6e5 Qh7
34. d6 Rc2 35. Qf4 Qg8 36. Qe4 Rfxf2 37. d7 Rf8 38. Re8 Qf7 39. Rxf8+ Qxf8 40.
Qe8 1-0

[Event "Titled Tue 24th Jun Late"]
[Site "chess.com INT"]
[Date "2025.06.24"]
[Round "4"]
[White "Skatchkov, Pavel"]
[Black "Andrade, Ivan"]
[Result "1-0"]
[WhiteTitle "GM"]
[BlackTitle "FM"]
[WhiteElo "2457"]
[BlackElo "2144"]
[WhiteFideId "4121848"]
[BlackFideId "14800039"]
[EventDate "2025.06.24"]

1. d4 Nf6 2. c4 e6 3. Nc3 Bb4 4. e3 O-O 5. Bd3 d5 6. a3 Bxc3+ 7. bxc3 dxc4 8.
Bxc4 c5 9. Ne2 Qc7 10. Bd3 Nc6 11. O-O e5 12. f4 exd4 13. cxd4 Re8 14. Ng3 a6
15. Qd2 b5 16. Bb2 c4 17. Bc2 Qb6 18. d5 Rd8 19. Bxf6 gxf6 20. Nh5 Ne7 21. Qf2
f5 22. Qh4 Ng6 23. Qg5 Qxe3+ 24. Kh1 Qe7 25. Qh6 f6 26. d6 Qf8 27. Qxf8+ Kxf8
28. Nxf6 Kg7 29. Nd5 Rxd6 30. Nc7 Bb7 31. Nxa8 Bxa8 32. Rad1 Rxd1 33. Bxd1 Nxf4
34. Rxf4 Be4 35. Rf2 a5 36. Bc2 b4 37. axb4 axb4 38. Ba4 Kf6 39. Kg1 Ke5 40. Rd2
c3 41. Re2 Kd4 42. Bb3 Bd3 43. Rf2 Bc4 44. Rf4+ Kd3 45. Rxc4 f4 46. Rxb4 c2 47.
Bxc2+ Kc3 48. Rxf4 1-0

[Event "Titled Tue 24th Jun Late"]
[Site "chess.com INT"]
[Date "2025.06.24"]
[Round "4"]
[White "Urbina Perez, Juan Antonio"]
[Black "Da Silva Borges, Rodrigo"]
[Result "0-1"]
[WhiteTitle "FM"]
[WhiteElo "2221"]
[BlackElo "2169"]
[WhiteFideId "2217368"]
[BlackFideId "2115778"]
[EventDate "2025.06.24"]

1. e4 c6 2. Nf3 d5 3. d3 e6 4. Be2 Nf6 5. e5 Nfd7 6. d4 c5 7. c3 Nc6 8. O-O f6
9. exf6 Nxf6 10. Bf4 Qb6 11. b3 Be7 12. Na3 O-O 13. Nb5 Ne8 14. Bg3 a6 15. dxc5
Bxc5 16. Nbd4 Nxd4 17. Nxd4 Nd6 18. b4 Bxd4 19. Qxd4 Qxd4 20. cxd4 Ne4 21. Be5
Bd7 22. Bd3 Bb5 23. Bxe4 dxe4 24. Rfc1 Rac8 25. Rc5 b6 26. Rcc1 Bd3 27. g3 Kf7
28. Bf4 b5 29. Rc5 Rxc5 30. bxc5 a5 31. Bc7 Ra8 32. a3 Ke7 33. Ra2 Kd7 34. Be5
g6 35. Rb2 Kc6 36. Kg2 Ra7 37. f4 Kd5 38. Kf2 Kc4 39. Ke3 Kd5 40. Bf6 Rb7 41.
Be5 b4 42. Bd6 bxa3 43. Ra2 Rb3 44. Kd2 Rb2+ 0-1